000 00552nam a22001817a 4500
003 DO-SdBNP
005 20180215104143.0
008 180215b dr||||| |||| 00| 0 spa d
020 _a9789945590043
040 _aBPMSU
_bspa
_cBPMSU
100 _aDore, Carlos
245 _aCrónica de una razón apasionada :
_bartículos periodisticos 1997-2000
_cCarlos Dore
260 _aSanto Domingo :
_bFundación Global Democracia y Desarrollo
_c2015
300 _at. 2
_c24 cm
942 _2ddc
_cBK
945 _ainventariado, 2018 / dg
956 _adgarcia
_b10
999 _c13294
_d13294